| 000 | 00816nam a22002897a 4500 | ||
|---|---|---|---|
| 003 | CHAP | ||
| 005 | 20220329141617.0 | ||
| 008 | 971013s1921 r 00010 d | ||
| 010 | _a70968 | ||
| 011 | _a71940 | ||
| 035 | _a81494 | ||
| 040 | _cCHAP | ||
| 082 |
_a630.24 _bG35Y |
||
| 100 | 0 | 0 |
_aGain, Edmond. _944176 |
| 245 | _aCompendio de química agrícola | ||
| 250 | _a2 ed. | ||
| 260 |
_aBarcelona : _bSalvat, _c1921 |
||
| 300 |
_a492 p. _b: ilus. |
||
| 590 |
_aBATCH-UPD _b10 _c20130110 _lUCH01 _h0438 |
||
| 590 |
_aBATCH-UPD _b10 _c20130410 _lUCH01 _h0114 |
||
| 590 |
_aBATCH-UPD _b10 _c20130914 _lUCH01 _h1452 |
||
| 590 |
_aCONVERSION _b10 _c20130109 _lUCH01 _h1339 |
||
| 650 | 1 | 4 |
_aQuímica agrícola. _993576 |
| 901 | _aBK | ||
| 942 | _cLIBRO | ||
| 949 |
_a630.24 G35Y _bBC _cBPP _d-34877 _eBPP _h19350 _i81494 _si |
||
| 999 |
_c70968 _d70968 |
||